000
00258nam a22001097a 4500
999
_c
169077
_d
169077
082
_a
_b
100
_a
Tomoko Kikuchi
245
_a
Mahadevi Verma ki vishvadrishti/
_c
by Tomoko Kikuchi.
260
_a
_b
Parameswaran,
_c
2009.
650
_a
942
_c
BK